00473nam a2200193 a 4500001001300000003000900013005001700022008004100039020000900080082001600089100002100105245001000126260003300136300000900169500003500178505001300213650003200226700002100258nice12345678IN_TiNIC20260116012231.0050524s1973 hyda grp 000 0 urd  ac1500a891.41bHAI aHairat, Badayuni aAaina aHyderabadbAdabi Trustc1973 a280p aincludes index and biblioraphy2 aappendix aUrdu-Poetry-hairat Badayuni1 aHairat, Badayuni